000 00782nam a2200229Ii 4500
003 JO-AjNU
008 230605s9999||||xx |||||||||||||| ||und||
017 _a1999/11575
020 _a977-01-6100-3
040 _aJO-AjNU
_bara
_erda
_cJO-AjNU
041 _aara
050 1 4 _aD157.J36 1999
100 3 _aتاليف الجنزوري، علية عبد السميع,
_eauthor
_910776
245 0 0 _aالحروب الصليبية: (المقدمات السياسية)
264 3 1 _aمصر: الهييئة المصرية العامة للكتاب، 1999
300 _a379ص
336 _atext
_btxt
_2rdacontent
337 _aunmediated
_bn
_2rdamedia
338 _avolume
_bnc
_2rdacarrier
490 0 _aتاريخ المصريين؛ (153)
650 4 _aحروب عالمية
_910777
999 _aA1980
_c5548
_d5548